Visualizzazione normale
Vista MARC
- Jarique de Numismática Hispano-Arab
di Meeting Name
Records bibliografici associati: 1
001 - CONTROL NUMBER
- control field: 11586
003 - CONTROL NUMBER IDENTIFIER
- control field: IT-RoINE
005 - DATE AND TIME OF LATEST TRANSACTION
- control field: 20180507093010.0
008 - FIXED-LENGTH DATA ELEMENTS
- fixed length control field: 140910|| aca||aabn | a|a d
040 ## - CATALOGING SOURCE
- Original cataloging agency: IT-RoINE
- Transcribing agency: IT-RoINE
111 ## - HEADING--MEETING NAME
- Meeting name or jurisdiction name as entry element: Jarique de Numismática Hispano-Arab
- Number of part/section/meeting: (2º.
- Date of meeting: 1988.
- Location of meeting: Lérida, España)
670 ## - SOURCE DATA FOUND
- Source citation: Work cat.: (IT-RoINE)0: Jarique de Numismática Hispano - Arab (2. 1988. Lérida, España), II Jarique de Numismática Hispano - Arab., 1990.